00588 2200229 4500001002100000005001700021008004100038020001800079035002400097082000800121090001500129100002700144245005000171250001100221260003300232300002500265650002000290850001200310980001500322985000600337999001500343YOGYA-0209000005951120090227034638.0 ind  a979-407-065-3 0010-020900000059511 a813 a813bAli L aALISYAHBANA, St Takdir aLayar terkembangcOleh St. Takdir Alisyahbana aCet.22 aJakartabBalai Pustakac1993 a139 hlmbilusc21 cm aFiksi Indonesia aYOPDYOG a09-08-2008 a1 a95P0057315